Optimization Methods in Operation Research and Systems Analysis (Record no. 12601)

MARC details
000 -LEADER
fixed length control field 00431nam a22001697a 4500
003 - CONTROL NUMBER IDENTIFIER
control field OSt
008 - FIXED-LENGTH DATA ELEMENTS--GENERAL INFORMATION
fixed length control field 240502b |||||||| |||| 00| 0 eng d
020 ## - INTERNATIONAL STANDARD BOOK NUMBER
International Standard Book Number 9789388818339
082 ## - DEWEY DECIMAL CLASSIFICATION NUMBER
Classification number 003. MIE
100 ## - MAIN ENTRY--PERSONAL NAME
Personal name MITTAL,KV
245 ## - TITLE STATEMENT
Title Optimization Methods in Operation Research and Systems Analysis
250 ## - EDITION STATEMENT
Edition statement 5th Ed
260 ## - PUBLICATION, DISTRIBUTION, ETC. (IMPRINT)
Place of publication, distribution, etc New Delhi
Name of publisher, distributor, etc New Age International
Date of publication, distribution, etc 2020
300 ## - PHYSICAL DESCRIPTION
Extent 430
700 ## - ADDED ENTRY--PERSONAL NAME
Personal name MOHAN,C
942 ## - ADDED ENTRY ELEMENTS (KOHA)
Source of classification or shelving scheme Dewey Decimal Classification
Koha item type Text Books
Holdings
Withdrawn status Lost status Source of classification or shelving scheme Damaged status Not for loan Collection code Home library Current library Date acquired Source of acquisition Currency Cost, normal purchase price Bill Number Total Checkouts Full call number Acc. no. / Barcode Date last seen Actual Cost, discounted price Bill Date Koha item type Date last borrowed
    Dewey Decimal Classification     B.Tech(ECE) PIET C-LIBRARY PIET C-LIBRARY 27/03/2024 Zafaa Books and Distributors In rupees 399.00 ZBD0464   003 MIE 36841 02/05/2024 271.32 27/03/2024 Reference Books  
    Dewey Decimal Classification     B.Tech(ECE) PIET C-LIBRARY PIET C-LIBRARY 27/03/2024 Zafaa Books and Distributors In rupees 399.00 ZBD0464 1 003 MIE 36842 28/02/2025 271.32 27/03/2024 Text Books 27/02/2025

Design & Developed by: PIET Central Library
R70 Miles Stone Pattikalyana Samalkha Panipat 132102
mail ID :- [email protected], Phone No:- 0180-2569700 Ex.216